000 00407nam a2200181Ia 4500
001 2975
005 20260306144846.0
008 260306t2011||||xx |||||||||||||| ||spa||
041 _aESP
082 _a238
_bS719
100 _aSayés, José Antonio
_eAUT
245 0 _aEscatología
260 _c2011
300 _a203 páginas :
_c24 cm.
650 _aGEN
654 _aCHU
942 _cLIB
_dJUS
_fJUS
_2ddc
_n
999 _c2975
_d2975